Missing Word: Dwayne 'The Rock' Johnson Quiz Stats

 Plays Quiz Updated Aug 2, 2019

Score 0/20 Timer 03:00
0 Plays Today
Movie Missing Word % Correct
The Scorpion _____King
93.5%
G.I. _____: RetaliationJoe
91.7%
Tooth _____Fairy
90.5%
The Mummy _____Returns
87%
_____: Welcome to the JungleJumanji
77.9%
Race to _____ MountainWitch
77.1%
____ & GainPain
71.8%
Walking _____Tall
69.7%
San _____Andreas
69.5%
Hobbs & ____Shaw
66.7%
Movie Missing Word % Correct
_____ IntelligenceCentral
65.6%
The _____ of the FuriousFate
61.7%
_____ FiveFast
59.9%
Fighting with My _____Family
56.5%
The _____ GuysOther
55%
Gridiron _____Gang
51.8%
The _____ PlanGame
41%
Get _____Smart
39.5%
Why Did I Get _____ Too?Married
36.4%
Journey 2: The _____ IslandMysterious
27.2%

Today's Daily Dose

Missing Word
Directed by Peter

Word Ladder
Blink-182

Quick Pick
Eagles Songs

Get the Picture
NFC West Profiles

You're not logged in!

Compare scores with friends on all Sporcle quizzes.
OR
Log In

Show Comments

Extras

Top Quizzes Today


Score Distribution

Your Account Isn't Verified!

In order to create a playlist on Sporcle, you need to verify the email address you used during registration. Go to your Sporcle Settings to finish the process.

Report this User

Report this user for behavior that violates our Community Guidelines.

Details: